| 000 | 01038nam a22003257a 4500 | ||
|---|---|---|---|
| 003 | CHAP | ||
| 005 | 20220329141625.0 | ||
| 008 | 971013s1964 r 00010 d | ||
| 010 | _a71215 | ||
| 011 | _a72187 | ||
| 035 | _a81741 | ||
| 040 | _cCHAP | ||
| 082 |
_a330 _bB37 |
||
| 100 | 0 | 0 |
_aBarre, Raymond. _910353 |
| 245 | _aEconomía política | ||
| 250 | _a3 ed. | ||
| 260 |
_aBarcelona : _bAriel, _c1964 |
||
| 300 | _a2 v. | ||
| 590 |
_aBATCH-UPD _b10 _c20130110 _lUCH01 _h0405 |
||
| 590 |
_aBATCH-UPD _b10 _c20130410 _lUCH01 _h0038 |
||
| 590 |
_aBATCH-UPD _b10 _c20130914 _lUCH01 _h0539 |
||
| 590 |
_aCONVERSION _b10 _c20130109 _lUCH01 _h1339 |
||
| 650 | 1 | 4 |
_aEconomía. _935226 |
| 901 | _aBK | ||
| 942 | _cLIBRO | ||
| 949 |
_a330 B37 _bBC _cLIBRO _d33724000307732 _eLIBRO _fv.2 c.2 _h1359 _i81741 _si |
||
| 949 |
_a330 B37 _bBC _cLIBRO _d33724000307740 _eLIBRO _fv.2 _h1358 _i81741 _si |
||
| 949 |
_a330 B37 _bBC _cLIBRO _d33724000307757 _eLIBRO _fv.1 _h1356 _i81741 _si |
||
| 949 |
_a330 B37 _bBC _cLIBRO _d33724000307765 _eLIBRO _fv.1 c.2 _h1357 _i81741 _si |
||
| 999 |
_c71215 _d71215 |
||